| 000 | 00000nam 2200000za 4500 |
| 001 | 9.559762 |
| 003 | CaOODSP |
| 005 | 20211027153039 |
| 007 | cr ||||||||||| |
| 008 | 150406|2005||||xxc|||||o f|0| 0 eng d |
| 040 | |aCaOODSP|beng |
| 043 | |an-cn--- |
| 086 | 1 |aYM32-3/381-502E-PDF |
| 245 | 00|aBill C-38 : |h[electronic resource] |bthe Civil Marriage Act / |c[by] Mary C. Hurley. |
| 260 | |bLibrary of Parliament. |c29 June 2005. |
| 300 | |a20p. |
| 490 | 1 |aLegislative summary|vLS-502E |
| 590 | |a05-01-Supp|b2005-09-16 |
| 710 | 1 |aCanada.|bLibrary of Parliament. |bParliamentary Research Branch. |
| 775 | 08|tLe projet de Loi C-38 : |w(CaOODSP)9.592485 |
| 830 | #0|aLegislative summary (Canada. Parliamentary Information and Research Service)|vLS-502E|w(CaOODSP)9.504770 |
| 856 | 40|ahttp://publications.gc.ca|qPDF|s100 KB|uhttps://publications.gc.ca/collections/Collection-R/LoPBdP/LS/381/381-502E.pdf|yLS-502E |